Libro rojo de plantas fanerógamas de Colombia : (Registro nro. 2902)
[ vista simple ]
| 000 -CABECERA | |
|---|---|
| Campo de control | 00917nam a2200277 a 4500 |
| 005 - FECHA Y HORA DE LA ULTIMA TRANSACCION | |
| Campo de control | 20200104041536.0 |
| 008 - ELEMENTOS DE LONGITUD FIJA—INFORMACION GENERAL | |
| Campo de control | 140731b2002 ck ||||| |||| 00| 0 spa d |
| 020 ## - ISBN | |
| ISBN | 9588151090 |
| 041 ## - IDIOMA | |
| Código de idioma para texto/pista de sonido o título separado | Español |
| 044 ## - PAÍS DE PUBLICACIÓN | |
| País de publicación | Colombia |
| 082 04 - NUMERO DE CLASIFICACION DECIMAL DEWEY | |
| Número de clasificación | 584.15 |
| Número del ítem | C14l |
| 100 1# - ASIENTO PRINCIPAL--NOMBRE PERSONAL | |
| Nombre personal | Calderón-Sáez, Eduardo |
| 245 10 - MENCION DE TITULO | |
| Título | Libro rojo de plantas fanerógamas de Colombia : |
| Parte restante del título | Vol. 1 Chrysobalanaceae, Dichapetalaceae y Lecythidaceae |
| 260 ## - PUBLICACION, DISTRIBUCION, ETC. (PIE DE IMPRENTA) | |
| Lugar de publicación, distribución, etc. | Bogotá |
| Nombre del editor, distribuidor, etc. | Instituto Alexander von Humboldt |
| -- | ICN |
| -- | Minambiente |
| Fecha de publicación, distribución, etc. | 2002 |
| 300 ## - DESCRIPCION FISICA | |
| Extensión | 220 p. |
| Dimensiones | 24 cm. |
| 490 ## - MENCION DE SERIE | |
| Mención de serie | Libros Rojos de Especies Amenazadas de Colombia |
| 650 #4 - ASIENTO SECUNDARIO DE MATERIA - TERMINO TEMATICO | |
| Término temático o nombre geográfico como elemento de entrada | Flora amenazada |
| 650 #4 - ASIENTO SECUNDARIO DE MATERIA - TERMINO TEMATICO | |
| Término temático o nombre geográfico como elemento de entrada | Fanerógamas |
| 650 ## - ASIENTO SECUNDARIO DE MATERIA - TERMINO TEMATICO | |
| Término temático o nombre geográfico como elemento de entrada | Conservación de biodiversidad |
| 650 #4 - ASIENTO SECUNDARIO DE MATERIA - TERMINO TEMATICO | |
| Término temático o nombre geográfico como elemento de entrada | Especies amenazadas |
| 650 #4 - ASIENTO SECUNDARIO DE MATERIA - TERMINO TEMATICO | |
| Término temático o nombre geográfico como elemento de entrada | Listas rojas UICN |
| 662 ## - ASIENTO SECUNDARIO DE MATERIA - JERARQUIA DEL NOMBRE DE LUGAR( | |
| País o entidad mayor | Colombia |
| 700 1# - ASIENTO SECUNDARIO - NOMBRE PERSONAL | |
| Nombre personal | Galeano, Gloria |
| 700 1# - ASIENTO SECUNDARIO - NOMBRE PERSONAL | |
| Nombre personal | García, Néstor |
| 942 ## - ELEMENTOS ADICIONALES (KOHA) | |
| Tipo de ítem | Libro |
| Sistema de clasificación | Dewey Decimal Classification |
| Koha issues (borrowed), all copies | 11 |
| Withdrawn status | Lost status | Sistema de Clasificación | Damaged status | No para préstamo | Colección | Inventariado | Ubicación Permanente | Ubicación actual | Fecha de adquisición | Fuente de Valor | Valor | Total Checkouts | Total Renewals | Número topográfico | Inventario / Código de Barras | Date last seen | Date checked out | Ejemplar | Price effective from | Forma de adquisición | Tipo de material |
|---|---|---|---|---|---|---|---|---|---|---|---|---|---|---|---|---|---|---|---|---|---|
| Dewey Decimal Classification | Humboldt | Inventariado 2017 | Bogotá | Bogotá | 28/08/2002 | Instituto | 30000.00 | 3 | IAvH-584.15 C14l | 018012 | 19/02/2018 | 19/02/2018 | V. 1 Ej. 2 | 04/12/2012 | Institucional | Libro | |||||
| Dewey Decimal Classification | Humboldt | Inventariado 2017 | Bogotá | Bogotá | 28/08/2002 | Instituto | 30000.00 | 5 | IAvH-584.15 C14l | 018013 | 08/08/2016 | 08/08/2016 | V. 1 Ej. 3 | 04/12/2012 | Institucional | Libro | |||||
| Dewey Decimal Classification | Humboldt | Inventariado 2017 | Bogotá | Bogotá | 28/08/2002 | Instituto | 30000.00 | 3 | IAvH-584.15 C14l | 018014 | 17/02/2017 | 17/02/2017 | V. 1 Ej. 1 | 04/12/2012 | Institucional | Libro | |||||
| Local | Humboldt | Inventariado 2017 | Sala Fabio Quevedo | Sala Fabio Quevedo | 18/07/2014 | Instituto | 30000.00 | 1 | IAvH-584.15 C14l | 004201 | 24/03/2017 | 21/03/2017 | V. 1 Ej. 4 | 04/12/2012 | Libro | ||||||
| Local | Humboldt | Inventariado 2017 | Sala Fabio Quevedo | Sala Fabio Quevedo | 18/07/2014 | Instituto | 30000.00 | IAvH-584.15 C14l | 004202 | 04/12/2012 | V. 1 Ej. 5 | 04/12/2012 | Libro | ||||||||
| Local | Botánica | Inventariado 2017 | Villa de Leyva | Villa de Leyva | 28/08/2002 | Instituto | 30000.00 | 1 | 2 | IAvH-00222 | 004200 | 11/09/2015 | 04/03/2015 | Ej. 1 | 04/12/2012 | Libro |